00534nam a22001697a 450000500170000001000130001702000260003003500130005603700080006908200080007710000230008524500980010825000100020626000460021627000820026230000200034420140726155126.0 aB-538716 a9789350354483c695.00 aB-538716 bUBH a000 aGupta, Vinay Kumar aUniversal's guide to Delhi Judicial services:bpreliminary examination/cby Vinay Kumar Gupta a7thed aNew DelhibUniversal Law Publishingc2014 aA-58, G.T. Karnal Road Industrial AreabDelhie110033k011-47082254, 27458529 a804pc24cm(pbk)